Everton FC Squad 2017-2018 - Statistics

General Stats
  • This quiz has been taken 8 times
  • The average score is 27 of 36
Answer Stats
# Position Nation Player % Correct
5 DF Wales Ashley Williams
100%
14 FW Turkey Cenk Tosun
100%
20 MF Netherlands Davy Klaassen
100%
18 MF Iceland Gylfi Sigurðsson
100%
17 MF Senegal Idrissa Gueye
100%
1 GK England Jordan Pickford
100%
3 DF England Leighton Baines
100%
27 MF Croatia Nikola Vlašić
100%
23 DF Ireland Seamus Coleman
100%
7 FW DR Congo Yannick Bolasie
100%
29 FW England Dominic Calvert-Lewin
86%
33 GK Spain Joel Robles
86%
11 FW Belgium Kevin Mirallas
86%
22 GK Netherlands Maarten Stekelenburg
86%
4 DF England Michael Keane
86%
6 DF England Phil Jagielka
86%
16 MF Ireland James McCarthy
71%
30 DF England Mason Holgate
71%
2 MF France Morgan Schneiderlin
71%
25 DF Argentina Ramiro Funes Mori
71%
- Coach Netherlands Ronald Koeman
71%
- Coach England Sam Allardyce
71%
9 FW Spain Sandro Ramírez
71%
26 MF England Tom Davies
71%
10 FW England Wayne Rooney
71%
31 FW Nigeria Ademola Lookman
57%
15 DF Cape Verde Cuco Martina
57%
13 DF France Eliaquim Mangala
57%
43 DF England Jonjoe Kenny
57%
19 FW Senegal Oumar Niasse
57%
11 FW England Theo Walcott
57%
12 FW England Aaron Lennon
43%
54 MF DR Congo Beni Baningime
43%
21 MF Bosnia and Herzegovina Muhamed Bešić
43%
- Coach England David Unsworth
29%
36 DF England Luke Garbutt
29%
No matching quizzes found
Score Distribution
Percent of People with Each Score
Percentile by Number Answered
Your Score History
You have not taken this quiz